West's business law : (Record no. 343590)

000 -LEADER
fixed length control field 01522 a2200241 4500
020 ## - INTERNATIONAL STANDARD BOOK NUMBER
International Standard Book Number 0538879793
020 ## - INTERNATIONAL STANDARD BOOK NUMBER
International Standard Book Number 9780538879798
082 04 - DEWEY DECIMAL CLASSIFICATION NUMBER
Classification number 346.7307
090 ## - LOCALLY ASSIGNED LC-TYPE CALL NUMBER (OCLC); LOCAL CALL NUMBER (RLIN)
-- 1056
-- 1056
100 1# - MAIN ENTRY--PERSONAL NAME
Personal name Miller, Roger Leroy.
245 10 - TITLE STATEMENT
Title West's business law :
Remainder of title text, cases, legal, ethical, regulatory, and international environment /
Statement of responsibility, etc. Roger Leroy Miller.
250 ## - EDITION STATEMENT
Edition statement 7th ed.
260 ## - PUBLICATION, DISTRIBUTION, ETC.
Place of publication, distribution, etc. [S.l.] :
Name of publisher, distributor, etc. Thomson Learning,
Date of publication, distribution, etc. 1998.
300 ## - PHYSICAL DESCRIPTION
Extent 1026 p. ;
Dimensions 26 cm.
500 ## - GENERAL NOTE
General note Hardcover.
520 ## - SUMMARY, ETC.
Summary, etc. This best-selling comprehensive book integrates excerpted cases in a student-accessible format. Contains chapters on court procedures, employment law, and comparative international law. meets all AACSB curriculum standards and addresses those topics covered on the CPA exam. This text is also available in an Interactive CD-ROM Edition, which can be used either as a stand alone item or in conjunction with the text. Along with the inclusion of the entire text, the CD-ROM includes many enhancements such as video , advanced topics as enrichment materials, the availability of full case presentations, built-in study guide, and a notebook function which the students can use to make their own notes.
700 1# - ADDED ENTRY--PERSONAL NAME
Personal name Jentz, Gaylord A.
700 1# - ADDED ENTRY--PERSONAL NAME
Personal name Cross, Frank B.
700 1# - ADDED ENTRY--PERSONAL NAME
Personal name Clarkson, Kenneth W.
856 40 - ELECTRONIC LOCATION AND ACCESS
Materials specified Amazon.com
Uniform Resource Identifier <a href="http://www.amazon.com/exec/obidos/ASIN/0538879793/chopaconline-20">http://www.amazon.com/exec/obidos/ASIN/0538879793/chopaconline-20</a>
856 40 - ELECTRONIC LOCATION AND ACCESS
Materials specified Amazon customer reviews
Uniform Resource Identifier <a href="http://www.chopac.org/cgi-bin/tools/azrev.pl?q=0538879793">http://www.chopac.org/cgi-bin/tools/azrev.pl?q=0538879793</a>
942 ## - ADDED ENTRY ELEMENTS (KOHA)
Institution code [OBSOLETE] NBS
Koha item type Book
Call number prefix 346.7307 WES
Holdings
Withdrawn status Lost status Damaged status Not for loan Permanent Location Current Location Date acquired Total Checkouts Total Renewals Full call number Barcode Date last seen Date last checked out Price effective from Koha item type
        NUST Law School (NLS) NUST Law School (NLS) 08/28/2013 2 1 346.7307 WES NBS4228 02/23/2026 11/19/2024 08/28/2013 Book
© 2023 Central Library, National University of Sciences and Technology. All Rights Reserved.